| 000 | 01127cab a2200313 4500 | ||
|---|---|---|---|
| 001 | ABS59171 | ||
| 008 | 090401t1998 xxu||||| |||| 00| 0 eng d | ||
| 035 | _a(Sirsi) u88321 | ||
| 041 | _aeng | ||
| 100 | _aMay, N. | ||
| 245 | _aHow `green` are historic buildings? | ||
| 260 | _c1998 | ||
| 350 | _a0 | ||
| 490 |
_aRICS Building Conservation Journal _v(19) Spring 1998, 12-14(3) |
||
| 520 | _aConsiders environmentally sound building practices, looking at energy efficiency in both traditional and modern buildings. Discusses the breakdown of greenhouse gases and the negative and positive impacts on the environment of historic buildings. Examines three possible solutions to the issue of energy use in historic buildings. | ||
| 650 | _aDRAUGHT PROOFING | ||
| 650 | _aENERGY CONSUMPTION | ||
| 650 | _aENVIRONMENTAL PROTECTION | ||
| 650 | _aGREENHOUSE GASES | ||
| 650 | _aHEATING | ||
| 650 | _aHISTORIC BUILDINGS | ||
| 650 | _aINSULATION | ||
| 650 | _aMODERN BUILDINGS | ||
| 650 | _aTRADITIONAL BUILDINGS | ||
| 650 | _aVENTILATION | ||
| 690 |
_aEnvironment _96238 |
||
| 942 | _n0 | ||
| 948 | _c07/09/1998 | ||
| 999 |
_c55784 _d55784 |
||